| 000 | 01299cam a22003374a 4500 | ||
|---|---|---|---|
| 001 | 12243074 | ||
| 003 | NUST - PNEC | ||
| 005 | 20170116181118.0 | ||
| 008 | 001128s2001 enka b 001 0 eng | ||
| 010 | _a 00067480 | ||
| 020 | _a0750650702 | ||
| 040 |
_aDLC _cDLC _dDLC |
||
| 042 | _apcc | ||
| 050 | 0 | 0 |
_aTH438 _b.G64 2001 |
| 082 | 0 | 0 |
_a690.068 GRA _221 |
| 100 | 1 |
_aGray, Colin, _d1946 July 10-. |
|
| 245 | 1 | 0 |
_aBuilding design management / _cColin Gray and Will Hughes. |
| 260 |
_aOxford ; _aBoston : _bButterworth-Heinemann, _c2001. |
||
| 300 |
_ax, 177 p. : _bill. ; _c25 cm. |
||
| 504 | _aIncludes bibliographical references (p. [168]-171) and index. | ||
| 650 | 0 |
_aBuilding _xPlanning. |
|
| 650 | 0 |
_aConstruction industry _xManagement. |
|
| 650 | 0 |
_aCommercial buildings _xMIS |
|
| 650 | 0 | _aCommunication in architectural design. | |
| 700 | 1 |
_aHughes, Will _q(William Paul), _d1956- |
|
| 856 | 4 | 2 |
_3Publisher description _uhttp://www.loc.gov/catdir/description/els031/00067480.html |
| 856 | 4 | 1 |
_3Table of contents _uhttp://www.loc.gov/catdir/toc/els031/00067480.html |
| 906 |
_a7 _bcbc _corignew _d1 _eocip _f20 _gy-gencatlg |
||
| 942 |
_2ddc _cBK |
||
| 999 |
_c69417 _d69417 |
||